000 01048cam a2200277 a 4500
999 _c234771
_d234771
001 3560676
003 Nust
005 20170330134701.0
008 980421s1999 maua b 001 0 eng
010 _a 98023966
020 _a1557865116 (alk. paper)
020 _a063121030X (pbk. : alk. paper)
040 _aDLC
_cDLC
_dDLC
050 0 0 _a333.7 MOH
_bG5942 1999
082 0 0 _a333.7 MOH
_221
245 0 0 _aGlobal environmental economics :
_bequity and the limits to markets /
_cEdited by Mohammed H.I. Dore and Timothy D. Mount.
260 _aMalden, Mass. :
_bBlackwell Publishers,
_c1999.
300 _axx, 355 p. :
_bill. ;
_c26 cm.
500 _aP.B
504 _aIncludes bibliographical references and index.
650 0 _aEnvironmental economics.
650 0 _aEconomics
_xMoral and ethical aspects.
650 0 _aEnvironmental justice.
700 1 _aDore, M. H. I.
700 1 _aMount, Tim.
906 _a7
_bcbc
_corignew
_d1
_eocip
_f19
_gy-gencatlg
942 _2ddc
_cBK
_k333.7 MOH